00658nam a2200193 a 450000100100000000500170001000800410002702000150006804000250008308200150010810000420012324500560016526000340022130000280025549000220028383000290030595201130033499900170044700004270220201002040332.0140205s1994 sp ac 000 0 spa d a8487270093 aDO-SdBNPbspacBNPHU axxxbB632L1 aLatorre, José Maríac1945-92190110aBlade Runner :bAmarcord /cJosé María Latorre. aBarcelona :bDirigido,c1994. a143 p. :bil. ;c20 cm.1 aPrograma doblev2 0aPrograma doblen2970013 001050718MOaGRbGRcCTd2014-02-05iLF1l0oxxx B632Lp42702-10r2020-06-25w2020-06-25y1ZNo se presta c42191d42191